00478cam a2200193 a 4500001000800000005001700008008004100025010001700066020001500083035002000098040002200118041000800140042001400148080001900162082002300181100000700204101000800211245006500219102301920180109075809.0921218s1990 nyua 000 0 eng d a 88063055  a0312019947 a(OCoLC)21874167 aNcAnAcNcAnAdDLC aeng alccopycat a808..0427 JEA04a808..0427 JEA2201 a46 aEDU10aChanges :cJean Withrow, Gay Brookes, Martha Clark Cummings.